000 00335nam a22001457a 4500
008 230127b ||||| |||| 00| 0 eng d
020 _a1579581382
041 _aeng
080 _2VOLUME 1
_a030
082 _a030KON
100 _a40
101 _aLITERA
245 _aENCYCLOPEDIA OF GERMAN LITERATURE
_cKONZETT M
942 _2udc
_cBK
999 _c59288
_d59288